De las facturas apócrifas (Registro nro. 13166)

Detalles MARC
000 -LEADER
fixed length control field 00309 a2200109 4500
001 - CONTROL NUMBER
control field ART_8062
005 - DATE AND TIME OF LATEST TRANSACTION
control field 20260410161639.0
008 - FIXED-LENGTH DATA ELEMENTS--GENERAL INFORMATION
fixed length control field 260409a
100 1# - MAIN ENTRY--PERSONAL NAME
Personal name Bechara, Fabián
245 10 - TITLE STATEMENT
Title De las facturas apócrifas
773 0# - HOST ITEM ENTRY
Title Consultor tributario
Related parts - Vol. 3, Nº 25 (mar. 2009)
Record control number REV474

No hay ítems disponibles.